| 000 | 00513nam a2200181Ia 4500 | ||
|---|---|---|---|
| 003 | LK-CoDNM | ||
| 008 | 010623t2002 xxu||||| |||| 00| 1 sin d | ||
| 040 |
_aLK-CoDNM _dLK-CoDNM _eLK-CoDNM |
||
| 041 | _asin | ||
| 080 | _ax 398 LAN | ||
| 100 | _aLankathilaka, Dhammika | ||
| 245 | _aසබරගමු නාට්ය මය පෙළපාළි විධි | ||
| 246 | _aSabaragamu naatyanaya pelepaali vidi | ||
| 260 |
_bAuthor _c2002 |
||
| 300 | _b(xv)230, 22 cm | ||
| 650 | _aCulture | ||
| 942 | _cBK | ||
| 999 |
_c122364 _d122364 |
||